000 01337nam0a22002771 4500
001 rc\447760
005 20030616171431.2
035 _a(NLR Aleph) 005693060
090 _a7196738
_c7196738
100 _a20030616d1987 u |0rusy50 ca
101 0 _arus
102 _aRU
105 _aa |||||||||
200 1 _aСОВЕРШЕНСТВОВАНИЕ технологии элементной базы связной РЭА
_eМетод. рекомендации
_fО-во "Знание" УССР
_g[РДЭНТП
_gПодгот.: к. т. н. А.А. Байздренко и А.А. Богомяков]
210 _aКиев
_cО-во "Знание" УССР
_cРДЭНТП
_d1987
215 _a20 с.
_cил.
_d20
225 1 _aДостижения научно-технического прогресса и передовой производственный опыт в отраслях народного хозяйства
225 1 _aВ помощь лектору и специалисту
320 _aБиблиогр.: с. 20
702 1 _aБайздренко
_bА. А.
_gАлександр Александрович
_4570
712 0 2 _a"Знание", общество УССР
_cКиев
_3RU\NLR\AUTH\889960976
801 0 _aRU
_bNLR
_gpsbo
801 1 _aRU
_bELAR
_2rusmarc
852 _aNLR
_j88-4/18242
942 _cBOOK
980 _aNB